| 000 | 01152cam a2200193 4500 | ||
|---|---|---|---|
| 001 | 3332 | ||
| 005 | 20181127171029.0 | ||
| 008 | 030402s2004 flua 000 0 eng | ||
| 010 | _a 2003007671 | ||
| 020 | _a1932159096 | ||
| 100 | 1 |
_aCappels, Thomas M., _d1953- |
|
| 245 | 1 | 0 |
_aFinancially focused project management / _cThomas M. Cappels. |
| 260 |
_aMumbai : _bShroff Publishers & Distributors Pvt. Ltd, _c2007. |
||
| 300 |
_axiii, 312 p. : _bill. ; _c24 cm. |
||
| 505 | 0 | _aUpdate on project management -- Project management overview -- Human aspects of project management -- The project team -- Project management office, portfolio management, and partnering -- Proposals and pricing -- Project planning -- Assessing project risks and potential impacts -- Project resource management and performance measurement -- Project audit, termination, and closure -- Financial administration and ffpm training -- FFPM performers and components -- The role of quality in project management -- Project management in the 21st century. | |
| 650 | 0 |
_aProject management _xCost effectiveness. |
|
| 650 | 0 |
_aProject management _xFinance. |
|
| 650 | 0 | _aProject management. | |
| 999 |
_c2694 _d2694 |
||